Les colònies de gats en l'àmbit urbà
Descripción Física:
1 díptic ; il·lustracions color ; 21 cm
Idioma:
Catalán
MARC
| LEADER | 00000nam a22000007a 4500 | ||
|---|---|---|---|
| 001 | 28810 | ||
| 003 | AGDB | ||
| 005 | 20260324181530.0 | ||
| 008 | 230516b spa||||| |||| 00| 0 cat d | ||
| 017 | |a B 19754-2024 | ||
| 040 | |a agdb |b cat | ||
| 245 | |a Les colònies de gats en l'àmbit urbà | ||
| 260 | |a Barcelona : |b Diputació de Barcelona ; |c 2024 | ||
| 300 | |a 1 díptic ; |b il·lustracions color ; |c 21 cm | ||
| 650 | 0 | |9 55867 |a Gats |x Control biològic | |
| 655 | 0 | |a Fulletons |9 55858 | |
| 710 | |a Barcelona (Catalunya : Província). |b Àrea de Comerç, Consum i Salut Pública |9 71966 | ||
| 710 | |a Vallbona d'Anoia (Catalunya). |b Ajuntament |9 71998 | ||
| 942 | |c ARXIU |n 1 |2 udc | ||
| 952 | |0 0 |1 0 |4 0 |6 FU7834 |7 1 |9 98004 |a Arxiu |b Arxiu |d 2025-04-30 |l 0 |o FU-78-34 |p 28810 |r 2025-04-30 00:00:00 |w 2025-04-30 |y ARXIU | ||
| 999 | |c 129793 |d 129793 | ||